000 00360pab a2200145 454500
008 180718b1998 xxu||||| |||| 00| 0 eng d
100 _aBjorkman, J.W.
245 _aConcepts of control: power - influence - authority
260 _c1998
300 _ap.41-56
362 _aJan-Jun
650 _aOrganizations
773 _aPublic Enterprise
909 _a37597
999 _c37597
_d37597